| 000 | 01936cas a2200529 a 4500 | ||
|---|---|---|---|
| 008 | 931106c19889999ja wn p 0 d0jpn c | ||
| 010 | _asn 89029716 | ||
| 022 | _a0914-8833 | ||
| 040 |
_aCU-S _beng _cCU-S _dInU _dNST _dMH _dNSDP _dPPiU _dMH _dDLC _dCLU _dPPiC _dOCoLC |
||
| 043 | _aa-ja--- | ||
| 050 | 0 | 0 |
_aAP95.J2 _bA33 |
| 066 | _c$1 | ||
| 092 | 4 |
_a952.005 _bA2521 _221 |
|
| 099 |
_a\4 _a952.005 A2521 |
||
| 130 | 0 | _aAera (Tokyo, Japan) | |
| 880 | 0 |
_6130-01/$1 _aアエラ (Tokyo, Japan) |
|
| 210 | 0 | _aAera | |
| 222 | 0 | _aAera | |
| 245 | 1 | 0 | _aAera |
| 880 | 1 | 0 |
_6245-02/$1 _aアエラ. |
| 246 | 1 | 3 | _aAsahi Shinbun weekly |
| 246 | 1 | 7 | _aAsahi Shimbun extra report and analysis |
| 246 | 1 | 7 | _aAsahi Shimbun weekly AERA |
| 880 | 1 | 3 |
_6246-03/$1 _a朝日新聞 weekly |
| 880 | 1 | 7 |
_6246-04/$1 _a朝日新聞 weekly AERA |
| 260 |
_aTokyo : _bAsahi Shinbunsha |
||
| 880 |
_6260-05/$1 _a東京 : _b朝日新聞社 |
||
| 300 |
_av. : _bill. (some col.) ; _c29 cm. |
||
| 310 | _aWeekly (except for Apr., Aug., and Dec.) | ||
| 362 | 1 | _aBegan with issue for no. 1 (May 24, 1988). | |
| 515 | _aIssues for Jan. 17, 1989- called also v. 2, no. 2- | ||
| 530 | _aAlso issued online. | ||
| 580 | _aExtra report and analysis of: Asahi shinbun. | ||
| 880 |
_6580-06/$1 _aExtra report and analysis of: 朝日新聞. |
||
| 651 | 0 |
_aJapan _vPeriodicals. |
|
| 710 | 2 |
_6880-07 _aAsahi Shinbunsha. |
|
| 880 | 2 |
_6710-07/$1 _a朝日新聞社. |
|
| 730 | 0 |
_6880-08 _aAsahi shinbun. |
|
| 880 | 0 |
_6730-08/$1 _a朝日新聞. |
|
| 776 | 0 | 8 |
_iOnline version: _tAera (Tokyo, Japan) _w(OCoLC)639309278 |
| 787 | 1 |
_6880-09 _tAsahi shinbun _w(DLC)sn 85022159 _w(OCoLC)1514400 |
|
| 880 | 1 |
_6787-09/$1 _t朝日新聞 _w(DLC)sn 85022159 _w(OCoLC)1514400 |
|
| 905 |
_aJamal _eCat. |
||
| 905 | _eRev. | ||
| 942 |
_2ddc _cBK |
||
| 999 |
_c131795 _d131795 |
||